000 00757nam a2200253Ia 4500
003 OSt
005 20220925172454.0
006 a|||||r|||| 00| 0
007 ta
008 220923b |||||||| |||| 00| 0 eng d
037 _cGeneral Book
040 _aRTL
_cRTL
_beng
041 _2eng
_aeng
082 _aY33.231.N7, L0
100 _aBulsara Jal F
245 0 _aPatterns of social life in metropolitan areas
260 _aBombay
_bIndia
_c1970
300 _axxvi,456p
_ccm.
490 _aIndia, Planning Commission, Research Programme Committee, Research Project
500 _aAppendix: p 415-442
650 _aUrban Sociology
_934088
942 _hY33.231.N7, L0
_cGB
_2CC
999 _c485186
_d485186